[Event "Warsaw YMCA Winter-A 296th"]
[Site "Warsaw"]
[Date "2025.02.21"]
[Round "7"]
[White "Bobinski, Lukasz"]
[Black "Mazurek, Jerzy"]
[Result "1-0"]
[WhiteElo "1841"]
[BlackElo "1895"]
[PlyCount "69"]
[EventDate "2025.01.10"]
[EventType "tourn"]
[EventRounds "11"]
[EventCountry "POL"]
[SourceTitle "CB14_2025"]
[SourceDate "2024.11.01"]
[SourceVersion "1"]
[SourceVersionDate "2024.11.01"]
[SourceQuality "1"]

1. e4 e5 2. Nf3 Nc6 3. Bb5 a6 4. Ba4 Nf6 5. d4 b5 6. Bb3 Nxe4 7. Nxe5 Nxe5 8. dxe5 Bb7 9. Qh5 Qe7 10. 0-0 g6 11. Qg4 Bg7 12. Re1 h5 13. Qf3 Nc5 14. Bd5 c6 15. Bg5 Qxg5 16. Qxf7+ Kd8 17. Qxg7 Kc7 18. Bf7 Qe7 19. Qf6 Qxf6 20. exf6 Raf8 21. Re7 g5 22. Nd2 Rh6 23. b4 Rxf6 24. Bxh5 Ne6 25. Ne4 Rh6 26. Rd1 Bc8 27. Bg4 Kd8 28. Rxe6 Rxe6 29. Bxe6 d5 30. Bxc8 Kxc8 31. Nxg5 Rf4 32. c3 Rc4 33. Rd3 d4 34. Ne4 dxc3 35. Nd6+ 1-0

[Event "Warsaw YMCA Winter-A 296th"]
[Site "Warsaw"]
[Date "2025.02.13"]
[Round "6"]
[White "Mazurek, Jerzy"]
[Black "Lewandrowski, Tomasz"]
[Result "0-1"]
[WhiteElo "1895"]
[BlackElo "1999"]
[PlyCount "172"]
[EventDate "2025.01.10"]
[EventType "tourn"]
[EventRounds "11"]
[EventCountry "POL"]
[SourceTitle "CB14_2025"]
[SourceDate "2024.11.01"]
[SourceVersion "1"]
[SourceVersionDate "2024.11.01"]
[SourceQuality "1"]

1. e4 c5 2. Nf3 Nc6 3. d4 cxd4 4. Nxd4 e5 5. Nb5 d6 6. Nd2 a6 7. Nc3 Nf6 8. Nc4 b5 9. Ne3 Be7 10. Bd3 Nb4 11. Be2 0-0 12. a3 Nc6 13. 0-0 Be6 14. Ned5 Nd4 15. Nxe7+ Qxe7 16. Bd3 h6 17. Ne2 Nxe2+ 18. Qxe2 d5 19. exd5 Bxd5 20. Bd2 Rfe8 21. Qe3 Bb7 22. Rfe1 Qc7 23. Qg3 Kh8 24. Rad1 Qc6 25. Bc3 Nh5 26. Qg4 Nf6 27. Qg3 e4 28. Be2 Re6 29. f3 Qc5+ 30. Bd4 Qxc2 31. fxe4 Bxe4 32. Bf3 Bxf3 33. Qxf3 Rae8 34. Rf1 Kg8 35. h3 Qg6 36. Bxf6 Rxf6 37. Qd3 Rxf1+ 38. Kxf1 Qf6+ 39. Qf3 Qxb2 40. Kg1 Qe5 41. Rd7 Qe3+ 42. Qf2 Qe6 43. Rb7 Qe1+ 44. Qf1 Qxf1+ 45. Kxf1 Re3 46. a4 bxa4 47. Rb4 Ra3 48. Rb6 Ra1+ 49. Kf2 a3 50. Rxa6 g6 51. Kg3 Kg7 52. Kh2 h5 53. Kg3 Kh6 54. h4 Kg7 55. Kh2 Kf8 56. Ra7 Kg7 57. Ra6 Kh6 58. Kg3 f5 59. Ra7 a2 60. Kh2 f4 61. Ra8 Kg7 62. Ra4 Kg8 63. Ra3 Kf7 64. Ra6 Ke7 65. Ra5 Ke6 66. Ra4 Kf5 67. Ra5+ Kg4 68. Ra4 Kf5 69. Ra6 Ke4 70. Ra3 Kf5 71. Ra6 Kg4 72. Rxg6+ Kxh4 73. Ra6 Kg4 74. Ra4 Kf5 75. Ra3 Ke4 76. Ra4+ Ke3 77. Ra3+ Ke2 78. Ra4 h4 79. Ra3 h3 80. gxh3 f3 81. Ra8 f2 82. Re8+ Kd3 83. Rd8+ Ke4 84. Re8+ Kd5 85. Rd8+ Ke6 86. Re8+ Kd7 0-1

[Event "Warsaw YMCA Winter-A 296th"]
[Site "Warsaw"]
[Date "2025.01.31"]
[Round "4"]
[White "Rozycki, Bartlomiej"]
[Black "Mazurek, Jerzy"]
[Result "1/2-1/2"]
[WhiteElo "2099"]
[BlackElo "1895"]
[PlyCount "125"]
[EventDate "2025.01.10"]
[EventType "tourn"]
[EventRounds "11"]
[EventCountry "POL"]
[SourceTitle "CB14_2025"]
[SourceDate "2024.11.01"]
[SourceVersion "1"]
[SourceVersionDate "2024.11.01"]
[SourceQuality "1"]

1. e4 e5 2. Nf3 Nc6 3. d4 exd4 4. Nxd4 Nf6 5. Nxc6 bxc6 6. Bd3 d5 7. exd5 cxd5 8. 0-0 Be7 9. c4 d4 10. Nd2 0-0 11. Ne4 Bb7 12. Nxf6+ Bxf6 13. b4 g6 14. Bf4 c5 15. b5 Qd7 16. a4 Rfe8 17. Re1 Rxe1+ 18. Qxe1 Re8 19. Qd2 Be5 20. a5 Qg4 21. Bg3 Bxg3 22. hxg3 a6 23. Re1 Re6 24. b6 h5 25. Rxe6 Qxe6 26. Qe2 Qc6 27. Qf3 Kf8 28. Qxc6 Bxc6 29. Be2 Ke7 30. g4 hxg4 31. Bxg4 Bb7 32. Be2 Kd6 33. Bd3 Ke5 34. Kh2 g5 35. g4 f6 36. Kg3 Kd6 37. Bf5 Ke5 38. Bg6 Kd6 39. f3 Ke5 40. Kf2 Kd6 41. Bf5 Ke5 42. Ke2 Kd6 43. Kd2 Ke5 44. Ke1 Kd6 45. Kf2 Ke5 46. Kg3 Kd6 47. f4 Ke7 48. Bg6 Kd6 49. Bf7 Ke7 50. Bg8 Kd6 51. f5 Ke5 52. Kf2 Kd6 53. Ke2 Ke7 54. Kd3 Kd6 55. Be6 Ke5 56. Bd5 Bxd5 57. cxd5 Kd6 58. Kc4 Kd7 59. Kxc5 d3 60. d6 d2 61. b7 d1Q 62. b8Q Qg1+ 63. Kd5 1/2-1/2

[Event "Warsaw YMCA Spring-B 287th"]
[Site "Warsaw"]
[Date "2024.05.23"]
[Round "7"]
[White "Mazurek, Jerzy"]
[Black "Kacprzak, Karol"]
[Result "1-0"]
[WhiteElo "1839"]
[BlackElo "1810"]
[PlyCount "117"]
[EventDate "2024.04.11"]
[EventType "tourn"]
[EventRounds "11"]
[EventCountry "POL"]
[SourceTitle "EXT 2025"]
[Source "ChessBase"]
[SourceDate "2024.10.14"]
[SourceVersion "1"]
[SourceVersionDate "2024.10.14"]
[SourceQuality "1"]

1. e4 c6 2. d4 d5 3. Nd2 dxe4 4. Nxe4 Bf5 5. Ng3 Bg6 6. h4 h6 7. Nf3 Nd7 8. h5 Bh7 9. Bd3 Bxd3 10. Qxd3 e6 11. Bd2 Ngf6 12. 0-0-0 Qc7 13. Kb1 0-0-0 14. c4 Bd6 15. Ne4 Nxe4 16. Qxe4 Nf6 17. Qe2 c5 18. Bc3 cxd4 19. Nxd4 Qc5 20. Ka1 Qe5 21. Qc2 Qe4 22. Qa4 Bc5 23. f3 Qf4 24. Qb5 Bxd4 25. Bxd4 a6 26. Qc5+ Qc7 27. Qa7 Qb8 28. Qxb8+ Kxb8 29. Be5+ Kc8 30. g4 Rxd1+ 31. Rxd1 Rd8 32. Rxd8+ Kxd8 33. Bxf6+ gxf6 34. b4 Ke7 35. Kb2 f5 36. gxf5 e5 37. c5 Kf6 38. a4 Kxf5 39. Kc3 Ke6 40. Kc4 f5 41. b5 a5 42. b6 Kd7 43. Kd5 e4 44. fxe4 f4 45. Kd4 Kc6 46. e5 f3 47. Ke3 f2 48. Kxf2 Kxc5 49. Ke3 Kxb6 50. Kd4 Kc6 51. Kc4 b6 52. e6 Kd6 53. Kb5 Kxe6 54. Kxb6 Kd6 55. Kxa5 Kc5 56. Ka6 Kc6 57. a5 Kc7 58. Kb5 Kb7 59. Kc5 1-0